NLSUI OPAC header image

All India bar examination 2010 preparatory materials book 1of 2 (Record no. 113836)

MARC details
000 -LEADER
fixed length control field 00361nam a22001337a 4500
005 - DATE AND TIME OF LATEST TRANSACTION
control field 20190725123831.0
008 - FIXED-LENGTH DATA ELEMENTS--GENERAL INFORMATION
fixed length control field 190725b ||||| |||| 00| 0 eng d
082 ## - DEWEY DECIMAL CLASSIFICATION NUMBER
Classification number 340 BCI
245 ## - TITLE STATEMENT
Title All India bar examination 2010 preparatory materials book 1of 2
300 ## - PHYSICAL DESCRIPTION
Extent 214p
650 ## - SUBJECT ADDED ENTRY--TOPICAL TERM
Geographic subdivision Methodology - AIBE
-- Criminal law etc
760 ## - MAIN SERIES ENTRY
Edition 1
942 ## - ADDED ENTRY ELEMENTS (KOHA)
Source of classification or shelving scheme Dewey Decimal Classification
Koha item type Repository
Holdings
Withdrawn status Lost status Source of classification or shelving scheme Damaged status Not for loan Home library Current library Shelving location Date acquired Source of acquisition Coded location qualifier Total Checkouts Full call number Barcode Date last seen Price effective from Koha item type
    Dewey Decimal Classification     . .   25.07.2019 Gratis Documentat   340 BCI REP 13415 25.07.2019 25.07.2019 Repository